00849 a2200169 4500003000500000005001700005040000900022082001500031100002300046245003500069260002900104300001500133505037700148942001200525999001900537952012300556Nust20221220122117.0 cNust a133.5, BAI aE.H.Bailey9105353 aThe Prental EpochcE.H. Bailey alondonbW.Foulshamc1916 aix,239,p.; aThe Scientific Bais And Laws Of Epoch (Page-18), The Prenatal Epoch As A Factor In Rectification (Page-44), Some Astro Physiological Problems (Page-104), The Prenatal Epoch And Multiple Pregnancy (Page-122), The Epoch In Relation To Prenatal Affections (Page-148), The Prenatal Epoch As A Factor In Directing (Page-168), The Prenatal Epoch And Infant Mortality (Page-198). 2ddccBK c193734d193734 00102ddc4070aMCSbMCScGENd2016-12-12o133.5,BAIpMCS30204r2016-12-08w2016-12-12yBKzAlmirah No.46, Shelf No.2